[Event "Valasska Bystrice op 13th"]
[Site "Valasska Bystrice"]
[Date "2022.09.15"]
[Round "7"]
[White "Valenta, Josef"]
[Black "Palla, Stanislav"]
[Result "1/2-1/2"]
[WhiteElo "1456"]
[BlackElo "1683"]
[PlyCount "107"]
[EventDate "2022.09.10"]
[EventType "swiss"]
[EventRounds "9"]
[EventCountry "CZE"]
[SourceTitle "CBM 210 Extra"]
[Source "ChessBase"]
[SourceDate "2022.11.30"]
[SourceVersion "1"]
[SourceVersionDate "2022.11.30"]
[SourceQuality "1"]

1. e4 c5 2. Nf3 d6 3. d4 cxd4 4. Nxd4 Nf6 5. Nc3 a6 6. Bg5 e6 7. f4 Be7 8. Qf3 h6 9. Bh4 0-0 10. Bd3 Nh7 11. Bxe7 Qxe7 12. 0-0-0 b5 13. Nb3 Nc6 14. e5 d5 15. Rhg1 Bb7 16. Bxh7+ Kxh7 17. Nd4 Rac8 18. Kb1 g6 19. g4 Nxd4 20. Rxd4 Qc5 21. Qd3 b4 22. Ne2 Bc6 23. Rd1 Bb5 24. Qd2 a5 25. Ng3 Qe7 26. g5 hxg5 27. fxg5 Kg7 28. h4 Rc4 29. Qf4 Rfc8 30. Rxc4 Rxc4 31. Rd4 Kg8 32. Rxc4 dxc4 33. Qd4 Qd7 34. Qxd7 Bxd7 35. Ne4 Bc6 36. Nc5 Kf8 37. a3 Ke7 38. axb4 axb4 39. b3 Bb5 40. bxc4 Bxc4 41. Kb2 Kd8 42. c3 bxc3+ 43. Kxc3 Bd5 44. Kd4 Kc7 45. Nd3 Bf3 46. Ke3 Bg4 47. Kf4 Bf5 48. Nf2 Kc6 49. Nh1 Kd5 50. Ng3 Bc2 51. h5 gxh5 52. Nxh5 Bg6 53. Nf6+ Kd4 54. Ne8 1/2-1/2

[Event "Valasska Bystrice op 13th"]
[Site "Valasska Bystrice"]
[Date "2022.09.11"]
[Round "3"]
[White "Bares, Jachym"]
[Black "Palla, Stanislav"]
[Result "1-0"]
[WhiteElo "2103"]
[BlackElo "1683"]
[PlyCount "23"]
[EventDate "2022.09.10"]
[EventType "swiss"]
[EventRounds "9"]
[EventCountry "CZE"]
[SourceTitle "CBM 210 Extra"]
[Source "ChessBase"]
[SourceDate "2022.11.30"]
[SourceVersion "1"]
[SourceVersionDate "2022.11.30"]
[SourceQuality "1"]

1. e4 c5 2. Nf3 d6 3. d4 cxd4 4. Nxd4 Nf6 5. Nc3 a6 6. Be3 e5 7. Nf3 b5 8. Nd5 Nbd7 9. c4 bxc4 10. Bxc4 Bb7 11. Ng5 Bxd5 12. Bxd5 1-0

[Event "Valasska Bystrice op"]
[Site "Valasska Bystrice"]
[Date "2017.09.13"]
[Round "6"]
[White "Brousek, Jiri"]
[Black "Palla, Stanislav"]
[Result "1-0"]
[WhiteElo "1973"]
[BlackElo "1687"]
[PlyCount "97"]
[EventDate "2017.09.09"]
[EventType "swiss"]
[EventRounds "9"]
[EventCountry "CZE"]
[SourceTitle "CBM 180 Extra"]
[Source "ChessBase"]
[SourceDate "2017.10.06"]
[SourceVersion "1"]
[SourceVersionDate "2017.10.06"]
[SourceQuality "1"]

1. d4 Nf6 2. Nf3 g6 3. Nc3 d5 4. Bf4 Bg7 5. e3 0-0 6. Be2 c6 7. h3 Nbd7 8. 0-0 Re8 9. Ne5 Nxe5 10. Bxe5 Nd7 11. Bxg7 Kxg7 12. f4 f5 13. a4 b6 14. b4 Nf6 15. Qb1 Qd6 16. a5 b5 17. Bd3 a6 18. Na2 Ne4 19. Bxe4 dxe4 20. Qb2 Kg8 21. Rad1 Be6 22. Nc1 Bc4 23. Rf2 e6 24. Qc3 Rac8 25. Rfd2 Rc7 26. Nb3 Bxb3 27. cxb3 Kf7 28. Rc1 Rd8 29. Rdc2 Qd5 30. Qb2 Rdc8 31. Rc5 Qd6 32. Qc3 Qd7 33. Re5 Qd6 34. g4 Rg8 35. g5 Rgc8 36. Rc5 Kg8 37. Rc2 Kf7 38. h4 Kg8 39. h5 gxh5 40. Rh2 Rg7 41. Rxh5 Rg6 42. Rh2 Rg7 43. Rh6 Rg6 44. Rh2 Rg7 45. Re5 Re7 46. Rh6 Rf8 47. Kh2 Rff7 48. Qc5 Qxc5 49. Rxc5 1-0

[Event "Valasska Bystrice op"]
[Site "Valasska Bystrice"]
[Date "2017.09.12"]
[Round "5"]
[White "Kotyza, Bohumil"]
[Black "Palla, Stanislav"]
[Result "1/2-1/2"]
[WhiteElo "1826"]
[BlackElo "1687"]
[PlyCount "24"]
[EventDate "2017.09.09"]
[EventType "swiss"]
[EventRounds "9"]
[EventCountry "CZE"]
[SourceTitle "CBM 180 Extra"]
[Source "ChessBase"]
[SourceDate "2017.10.06"]
[SourceVersion "1"]
[SourceVersionDate "2017.10.06"]
[SourceQuality "1"]

1. d4 Nf6 2. Nf3 g6 3. Bg5 d5 4. e3 Bg7 5. Nbd2 0-0 6. Bd3 b6 7. 0-0 Ba6 8. Bxa6 Nxa6 9. c3 c5 10. Re1 c4 11. e4 dxe4 12. Nxe4 Nc7 1/2-1/2

[Event "Rychnov Seniors op"]
[Site "Rychnov nad Kneznou"]
[Date "2012.08.20"]
[Round "1"]
[White "Sramek, Josef"]
[Black "Palla, Stanislav"]
[Result "1-0"]
[WhiteElo "2070"]
[BlackElo "1795"]
[PlyCount "77"]
[EventDate "2012.08.20"]
[EventType "swiss"]
[EventRounds "9"]
[EventCountry "CZE"]
[SourceTitle "CBM 150 Extra"]
[Source "ChessBase"]
[SourceDate "2012.10.19"]
[SourceVersion "1"]
[SourceVersionDate "2012.10.19"]
[SourceQuality "1"]

1. e4 c5 2. Nf3 e6 3. d4 cxd4 4. Nxd4 d6 5. Nc3 Nf6 6. Bg5 Be7 7. Qd2 a6 8. 0-0-0 Qc7 9. f4 0-0 10. Nf3 Rd8 11. Qe1 b5 12. e5 dxe5 13. Rxd8+ Bxd8 14. Bd3 Bb7 15. fxe5 Nd5 16. Bxh7+ Kxh7 17. Qh4+ Kg8 18. Bxd8 Qc4 19. Qxc4 bxc4 20. Nxd5 Bxd5 21. c3 Nd7 22. Be7 Bxf3 23. gxf3 Nxe5 24. Rf1 Ra7 25. Bd6 Nd3+ 26. Kc2 Rd7 27. Bg3 f6 28. b3 cxb3+ 29. axb3 Nc5 30. Bf2 Rd5 31. Ra1 Nd3 32. c4 Rd6 33. Be3 Nb4+ 34. Kc3 Rd3+ 35. Kxb4 Rxe3 36. Rxa6 e5 37. c5 Rxf3 38. c6 Rf1 39. Ra5 1-0